Thermodynamics (Record no. 22783)

000 -LEADER
fixed length control field 00438nam a22001817a 4500
001 - CONTROL NUMBER
control field 22783
003 - CONTROL NUMBER IDENTIFIER
control field BD-DhUET
008 - FIXED-LENGTH DATA ELEMENTS--GENERAL INFORMATION
fixed length control field 150430b xxu||||| |||| 00| 0 eng d
040 ## - CATALOGING SOURCE
Original cataloging agency DLC
Transcribing agency DLC
Modifying agency BD-DhUET
082 ## - DEWEY DECIMAL CLASSIFICATION NUMBER
Classification number 621.01
Item number KEE/1963
100 ## - MAIN ENTRY--PERSONAL NAME
Personal name Keenan, Joseph H.
245 ## - TITLE STATEMENT
Title Thermodynamics
250 ## - EDITION STATEMENT
Edition statement 1st ed.
260 ## - PUBLICATION, DISTRIBUTION, ETC. (IMPRINT)
Place of publication, distribution, etc. Camgridge
Name of publisher, distributor, etc. The M,I T Press
Date of publication, distribution, etc. 1963
300 ## - PHYSICAL DESCRIPTION
Extent xi, 507p.
Other physical details ill.
650 #0 - SUBJECT ADDED ENTRY--TOPICAL TERM
Topical term or geographic name as entry element Thermodynamics
942 ## - ADDED ENTRY ELEMENTS (KOHA)
Koha item type General Book
Holdings
Damaged status Source of classification or shelving scheme Copy number Lost status Shelving location Koha item type Koha date last seen Price effective from Koha normalized classification for sorting Not for loan Sublocation or collection (holding branch) Withdrawn status Piece designation (barcode) Date acquired Location (home branch) Koha full call number
  1 Circulation sectionGeneral Book2015-04-302015-04-30621_010000000000000_KEE_1963 Central Library, BUET 350812015-04-30Central Library, BUET621.01/KEE/1963
  2 Reading sectionGeneral Book2015-06-212015-06-21621_010000000000000_KEE_1963 Central Library, BUET 41232015-06-21Central Library, BUET621.01/KEE/1963